000 00240nam a2200097Ia 4500
001 709320
005 20250826162544.0
008 250824s9999 xx 000 0 und d
245 0 _aMAVİ IRMAK
_cHAMDULLAH KÖSEOĞLU
260 _bTUDEM YAYINLARI
999 _c709320
_d709320